[Event "Sri Lanka National B Chess Championship 2015"]
[Site "SLIIT, Malabe"]
[Date "2015.06.27"]
[Round "8"]
[Board "9"]
[White "Madushanka, Harsha"]
[Black "Jayasundara, P K U M"]
[Result "1-0"]
[WhiteElo "1839"]
[BlackElo "2031"]
[PlyCount "63"]
[EventDate "2015.06.19"]
[EventRounds "10"]
[EventCountry "SRI"]

1. e4 Nc6 2. d4 d5 3. exd5 Qxd5 4. Nf3 Bg4 5. Be2 O-O-O 6. c3 Kb8 7. Be3 Nf6 8.
Nbd2 e6 9. b4 Ne4 10. Nxe4 Qxe4 11. O-O f6 12. Qa4 Ne7 13. c4 Bf5 14. Rac1 Bg6
15. Nd2 Qh4 16. d5 Nc8 17. g3 Qh3 18. c5 Be8 19. c6 exd5 20. b5 Nb6 21. Bxb6
axb6 22. Nb3 Qc8 23. Nd4 g6 24. Rc3 Bc5 25. Rd1 Rd6 26. Rdd3 bxc6 27. bxc6 Rxc6
28. Nxc6+ Bxc6 29. Qxc6 Qe8 30. Rxc5 bxc5 31. Rb3+ Kc8 32. Ba6+ 1-0

[Event "Sri Lanka National B Chess Championship 2015"]
[Site "SLIIT, Malabe"]
[Date "2015.06.27"]
[Round "8"]
[Board "10"]
[White "Amarasinghe, A A C B"]
[Black "Hapuarachchi, H L M"]
[Result "1-0"]
[WhiteElo "1829"]
[BlackElo "1900"]
[PlyCount "71"]
[EventDate "2015.06.19"]
[EventRounds "10"]
[EventCountry "SRI"]

1. e4 d6 2. Nc3 Nf6 3. f4 c6 4. a4 g6 5. Nf3 Bg7 6. Be2 O-O 7. O-O Nbd7 8. Kh1
e5 9. d3 Qc7 10. Qe1 d5 11. Qh4 dxe4 12. dxe4 exf4 13. Bxf4 Qa5 14. Bd6 Re8 15.
e5 Nxe5 16. Nxe5 Rxe5 17. b4 Rh5 18. Bxh5 Qxh5 19. Qxh5 Nxh5 20. Rae1 Bf5 21.
Ne4 Rd8 22. Be7 Rd4 23. Nd6 Bxc2 24. Nxb7 f5 25. Bc5 Rd7 26. Nd6 Nf6 27. Nc8
Ne4 28. Ne7+ Kf7 29. Nxc6 Bxa4 30. Nb8 Nxc5 31. bxc5 Bb5 32. Nxd7 Bxd7 33. Rf3
a5 34. Rfe3 Bb5 35. Rb3 Bc6 36. Rb6 1-0

[Event "Sri Lanka National B Chess Championship 2015"]
[Site "SLIIT, Malabe"]
[Date "2015.06.27"]
[Round "8"]
[Board "11"]
[White "Prabath, D G Ravi"]
[Black "Gunaratne, Mojitha Sathsara"]
[Result "0-1"]
[WhiteElo "1812"]
[BlackElo "1899"]
[PlyCount "117"]
[EventDate "2015.06.19"]
[EventRounds "10"]
[EventCountry "SRI"]

1. e4 e5 2. Nf3 Nc6 3. Bb5 a6 4. Ba4 Nf6 5. d3 b5 6. Bb3 Be7 7. O-O O-O 8. Re1
d6 9. c3 Na5 10. Bc2 c5 11. Nbd2 Qc7 12. Nf1 Re8 13. Ng3 h6 14. h3 Bf8 15. d4
Rb8 16. d5 b4 17. Ne2 Bd7 18. Kh2 c4 19. Be3 b3 20. Bb1 bxa2 21. Rxa2 Bb5 22.
g4 Nd7 23. g5 Nb3 24. Rg1 g6 25. gxh6 Nf6 26. Ng3 Nc5 27. Ne1 Kh7 28. Qf3 Ng8
29. Nh5 Bxh6 30. Bxh6 Kxh6 31. Ng3 Qe7 32. Bc2 Bd7 33. Bd1 Kh7 34. Kg2 Nh6 35.
Qe3 f5 36. exf5 gxf5 37. f4 Rg8 38. Kh2 Qh4 39. Ng2 Qe7 40. Be2 Bb5 41. Raa1
Rbe8 42. Rgf1 Qb7 43. Rfd1 exf4 44. Qxf4 Rxg3 45. Qxg3 Rxe2 46. Qxd6 Ne4 47.
Qf8 Ng5 48. Kg1 Re8 49. Qb4 Ne4 50. Kh2 Qg7 51. Nf4 Qe5 52. Rf1 Rg8 53. d6 Qf6
54. d7 Qh4 55. Rf3 Ng4+ 56. Kh1 Ngf2+ 57. Kh2 Nd2 58. Ng2 Qg5 59. Nf4 0-1

[Event "Sri Lanka National B Chess Championship 2015"]
[Site "SLIIT, Malabe"]
[Date "2015.06.27"]
[Round "8"]
[Board "12"]
[White "Lasitha, Subash"]
[Black "Thilakarathne, G M S"]
[Result "1-0"]
[WhiteElo "1750"]
[BlackElo "1890"]
[PlyCount "71"]
[EventDate "2015.06.19"]
[EventRounds "10"]
[EventCountry "SRI"]

1. d4 Nf6 2. c4 e6 3. Nc3 Bb4 4. Qc2 O-O 5. Nf3 c5 6. e3 b6 7. a3 Bxc3+ 8. bxc3
Bb7 9. Bd3 d6 10. e4 Nbd7 11. e5 dxe5 12. dxe5 Bxf3 13. exf6 Bxg2 14. Bxh7+ Kh8
15. fxg7+ Kxg7 16. Rg1 f5 17. Rxg2+ Kxh7 18. Qd2 Rf6 19. Qg5 Qf8 20. Qh4+ Rh6
21. Bxh6 Qxh6 22. Qe7+ Kh8 23. Qxd7 Rg8 24. Rxg8+ Kxg8 25. Qe8+ Kg7 26. Rd1
Qxh2 27. Qe7+ Kg6 28. Qxe6+ Kg5 29. Qg8+ Kf6 30. Qd8+ Kg7 31. Rd7+ Kg6 32. Qg8+
Kf6 33. Qf7+ Kg5 34. Qg7+ Kf4 35. Qg3+ Qxg3 36. fxg3+ 1-0

[Event "Sri Lanka National B Chess Championship 2015"]
[Site "SLIIT, Malabe"]
[Date "2015.06.27"]
[Round "8"]
[Board "13"]
[White "Liyanapathirana, Pasan Vindula"]
[Black "Prabajith, Asela"]
[Result "1-0"]
[WhiteElo "1847"]
[BlackElo "1845"]
[PlyCount "124"]
[EventDate "2015.06.19"]
[EventRounds "10"]
[EventCountry "SRI"]

1. e4 c5 2. Nf3 d6 3. Bb5+ Nd7 4. d4 a6 5. Bxd7+ Bxd7 6. dxc5 Qa5+ 7. Nc3 dxc5
8. O-O Bg4 9. Bf4 e6 10. h3 Bh5 11. g4 Bg6 12. Ne5 Rd8 13. Qe2 Qb6 14. Nc4 Qc6
15. Rad1 Rxd1 16. Rxd1 Nf6 17. h4 h6 18. Ne5 Qc8 19. Nxg6 fxg6 20. e5 g5 21.
Bh2 Nd7 22. Qd3 Qc6 23. Qg6+ Kd8 24. Ne4 gxh4 25. Nd6 h3 26. Qe8+ Kc7 27. Qc8+
Kb6 28. Qxc6+ Kxc6 29. Nf7 Rg8 30. Nd8+ Kc7 31. Nxe6+ Kc8 32. Nc7 Be7 33. Nd5
Re8 34. f4 Bd8 35. Bg3 g5 36. fxg5 Nxe5 37. Bxe5 Rxe5 38. gxh6 Re6 39. Rf1 Rxh6
40. Kh2 Kd7 41. c4 b5 42. b3 bxc4 43. bxc4 Be7 44. Rf7 Re6 45. Rxe7+ Rxe7 46.
Nxe7 Kxe7 47. Kxh3 Kf6 48. Kh4 a5 49. g5+ Ke5 50. g6 Kd4 51. g7 Kxc4 52. g8=Q+
Kd4 53. Qd8+ Kc4 54. Qxa5 Kd4 55. Qd2+ Kc4 56. Qc2+ Kd4 57. a4 c4 58. Kg4 c3
59. Kf5 Kc4 60. a5 Kb5 61. Ke4 Kxa5 62. Kd4 Ka6 1-0

[Event "Sri Lanka National B Chess Championship 2015"]
[Site "SLIIT, Malabe"]
[Date "2015.06.27"]
[Round "8"]
[Board "14"]
[White "Dassanayake, D M G S"]
[Black "Ranasinghe, S D"]
[Result "1-0"]
[WhiteElo "1845"]
[BlackElo "1813"]
[PlyCount "51"]
[EventDate "2015.06.19"]
[EventRounds "10"]
[EventCountry "SRI"]

1. d4 d5 2. c4 e6 3. Nc3 Be7 4. cxd5 exd5 5. Bf4 c6 6. e3 Bf5 7. Bd3 Bxd3 8.
Qxd3 Nf6 9. Nge2 Nbd7 10. O-O Nh5 11. Bg3 O-O 12. Rfe1 Re8 13. h3 Nxg3 14. Nxg3
Nf6 15. f3 Bd6 16. Nf5 Bc7 17. e4 g6 18. Ne3 Bg3 19. Red1 Nh5 20. Ne2 Qe7 21.
Nc3 f6 22. Ng4 Nf4 23. Qd2 h5 24. Nf2 Rad8 25. Nh1 Nxh3+ 26. gxh3 {poor
recording} 1-0

[Event "Sri Lanka National B Chess Championship 2015"]
[Site "SLIIT, Malabe"]
[Date "2015.06.27"]
[Round "8"]
[Board "15"]
[White "Wijekoon, Chandana"]
[Black "Hettiarachchi, C U"]
[Result "1-0"]
[WhiteElo "2007"]
[BlackElo "1715"]
[PlyCount "63"]
[EventDate "2015.06.19"]
[EventRounds "10"]
[EventCountry "SRI"]

1. Nf3 c5 2. e4 Nc6 3. Bb5 g6 4. Bxc6 bxc6 5. d3 Bg7 6. Nc3 d5 7. O-O e6 8. Bf4
Ne7 9. Qd2 O-O 10. Rad1 Ba6 11. Rfe1 c4 12. Na4 Bb5 13. Nc5 Bxb2 14. a4 Ba3 15.
Nb7 Qd7 16. axb5 Qxb7 17. Qc3 Bc5 18. Bh6 f6 19. Bxf8 Rxf8 20. dxc4 Qb6 21. Rd2
dxc4 22. Qxc4 cxb5 23. Qb3 h6 24. Red1 Kf7 25. e5 f5 26. Rd6 Bxd6 27. Rxd6 Qc7
28. Qxe6+ Ke8 29. Nd4 Qc3 30. Qd7+ Kf7 31. Rf6+ Kg8 32. Qe6+ 1-0

[Event "Sri Lanka National B Chess Championship 2015"]
[Site "SLIIT, Malabe"]
[Date "2015.06.27"]
[Round "8"]
[Board "16"]
[White "Sandeepa, Haputhanthrige N Aks"]
[Black "Lamawansa, Yasas"]
[Result "0-1"]
[WhiteElo "1458"]
[BlackElo "1960"]
[PlyCount "54"]
[EventDate "2015.06.19"]
[EventRounds "10"]
[EventCountry "SRI"]

1. d4 d5 2. Nf3 Nf6 3. e3 Bg4 4. Bd3 Nbd7 5. O-O e5 6. dxe5 Nxe5 7. Be2 Bxf3 8.
Bxf3 c6 9. b3 Bd6 10. Bb2 Qc7 11. h3 h5 12. Nd2 O-O-O 13. Qc1 g5 14. Be2 Rhg8
15. c4 g4 16. hxg4 Nexg4 17. Nf3 Ne4 18. Qe1 Bh2+ 19. Kh1 Ngxf2+ 20. Rxf2 Bg3
21. Qb4 Bxf2 22. Be5 Qb6 23. Qa3 Bxe3 24. cxd5 Nf2+ 25. Kh2 Ng4+ 26. Kh1 Nxe5
27. Nxe5 Qd4 0-1

[Event "Sri Lanka National B Chess Championship 2015"]
[Site "SLIIT, Malabe"]
[Date "2015.06.27"]
[Round "8"]
[Board "17"]
[White "Samaranayake, K P R N"]
[Black "Sathkumara, S M S C"]
[Result "1/2-1/2"]
[WhiteElo "1806"]
[BlackElo "1486"]
[PlyCount "41"]
[EventDate "2015.06.19"]
[EventRounds "10"]
[EventCountry "SRI"]

1. d4 Nf6 2. c4 c5 3. d5 b5 4. cxb5 e6 5. Nc3 a6 6. b6 Nxd5 7. Nxd5 exd5 8.
Qxd5 Nc6 9. e4 Be7 10. Bc4 O-O 11. Nf3 Rb8 12. O-O Rxb6 13. Rd1 d6 14. Qh5 Be6
15. Bd3 c4 16. Bc2 Rb4 17. e5 g6 18. Qh6 Nxe5 19. Nd4 Ng4 20. Qd2 Rb6 21. Qe2
 1/2-1/2

[Event "Sri Lanka National B Chess Championship 2015"]
[Site "SLIIT, Malabe"]
[Date "2015.06.27"]
[Round "8"]
[Board "18"]
[White "Naotunna, D R"]
[Black "Madusanka, L D P"]
[Result "1/2-1/2"]
[WhiteElo "1746"]
[BlackElo "1737"]
[PlyCount "61"]
[EventDate "2015.06.19"]
[EventRounds "10"]
[EventCountry "SRI"]

1. d4 f5 2. e4 fxe4 3. Nc3 Nf6 4. g4 d5 5. g5 Bg4 6. Be2 Bxe2 7. Qxe2 Ng8 8.
Qb5+ Nd7 9. Qxd5 c6 10. Qe6 Qb6 11. Nge2 c5 12. Qxb6 axb6 13. d5 h6 14. Nxe4
hxg5 15. Bxg5 Ngf6 16. Bxf6 Nxf6 17. Nxf6+ exf6 18. c4 Bd6 19. Nc3 Bxh2 20. Kf1
O-O-O 21. Kg2 Be5 22. Na4 Kc7 23. Rhe1 Rhe8 24. b3 Rh8 25. f4 Bd6 26. Re6 Rh4
27. Kg3 Rh6 28. Kg4 Rh2 29. Nc3 Kd7 30. Nb5 Bb8 31. Rxb6 {poor recording}
 1/2-1/2

[Event "Sri Lanka National B Chess Championship 2015"]
[Site "SLIIT, Malabe"]
[Date "2015.06.27"]
[Round "8"]
[Board "19"]
[White "Herath, H M H C B"]
[Black "Nanayakkara, J A K Saranath"]
[Result "0-1"]
[WhiteElo "1438"]
[BlackElo "1872"]
[PlyCount "100"]
[EventDate "2015.06.19"]
[EventRounds "10"]
[EventCountry "SRI"]

1. d4 Nf6 2. c4 g6 3. Nc3 Bg7 4. e4 d6 5. Nge2 c5 6. d5 b5 7. cxb5 a6 8. Ng3
O-O 9. Be2 axb5 10. Bxb5 h5 11. O-O h4 12. Nge2 Qb6 13. Bc4 h3 14. g3 Nbd7 15.
Qb3 Qc7 16. Nf4 Ne5 17. Nb5 Qb6 18. Nc3 Nxc4 19. Qxc4 Ba6 20. Qb3 Qxb3 21. axb3
Bxf1 22. Rxa8 Rxa8 23. Kxf1 Ra1 24. Nfe2 Nxe4 25. Nxe4 Bxb2 26. f3 Bxc1 27.
Nxc1 Rxc1+ 28. Kf2 Rh1 29. g4 Rxh2+ 30. Kg3 Rb2 31. Kxh3 Rxb3 32. Kg2 Rb2+ 33.
Kf1 c4 34. Ke1 f5 35. gxf5 gxf5 36. Nc3 Kf7 37. f4 e6 38. dxe6+ Kxe6 39. Kd1 d5
40. Ne2 Rxe2 41. Kxe2 d4 42. Kd2 Kd5 43. Ke2 Ke4 44. Kd2 c3+ 45. Kc2 Ke3 46.
Kd1 d3 47. Ke1 c2 48. Kf1 Kf3 49. Kg1 Kg3 50. Kf1 c1=Q# 0-1

[Event "Sri Lanka National B Chess Championship 2015"]
[Site "SLIIT, Malabe"]
[Date "2015.06.27"]
[Round "8"]
[Board "20"]
[White "Gunasekara, W A N Senpathi"]
[Black "De Silva, Rasheen"]
[Result "0-1"]
[WhiteElo "1420"]
[BlackElo "1788"]
[PlyCount "68"]
[EventDate "2015.06.19"]
[EventRounds "10"]
[EventCountry "SRI"]

1. d4 d5 2. Nf3 c5 3. c3 Nc6 4. Bf4 f6 5. e3 Bg4 6. Be2 e6 7. h3 Bh5 8. dxc5
Bxc5 9. Nbd2 Bf7 10. O-O Nge7 11. e4 e5 12. Bh2 O-O 13. Qc2 Rc8 14. Nb3 Bb6 15.
Rfe1 Qe8 16. exd5 Bxd5 17. Nh4 Be6 18. Nd2 f5 19. Nc4 Bc7 20. b4 Qf7 21. Nd2
Bb6 22. Qb2 e4 23. g3 Nd5 24. Nc4 Bc7 25. Ng2 Ne5 26. Nge3 Nxe3 27. Nxe3 g5 28.
Qd2 f4 29. Nd5 Rcd8 30. c4 Bxh3 31. gxf4 gxf4 32. Bxf4 Qg7+ 33. Bg3 Rxf2 34.
Kxf2 Rf8+ 0-1

[Event "Sri Lanka National B Chess Championship 2015"]
[Site "SLIIT, Malabe"]
[Date "2015.06.28"]
[Round "9"]
[Board "4"]
[White "Doluweera, Minul Sanjula"]
[Black "Mendis, W G Chinthaka"]
[Result "1-0"]
[WhiteElo "2046"]
[BlackElo "1875"]
[PlyCount "99"]
[EventDate "2015.06.19"]
[EventRounds "10"]
[EventCountry "SRI"]

1. c4 e5 2. Nc3 Nf6 3. g3 d5 4. cxd5 Nxd5 5. Bg2 Nb6 6. Nf3 Nc6 7. O-O Be7 8.
a3 O-O 9. b4 Re8 10. d3 a5 11. b5 Nd4 12. Bb2 Bf8 13. Rc1 a4 14. Nxd4 exd4 15.
Ne4 Ra5 16. Rc2 Rxb5 17. Qc1 c6 18. Bf3 Be7 19. Qa1 f5 20. Nd2 Bf6 21. Rfc1 Be6
22. Rc5 Rxc5 23. Rxc5 Qd6 24. Rc1 Bg5 25. Rd1 Rd8 26. Nc4 Qc5 27. Nxb6 Qxb6 28.
e3 Bf6 29. e4 c5 30. Re1 fxe4 31. Bxe4 Bf7 32. Qc1 Qc7 33. Qd1 b5 34. Bc1 Qa7
35. g4 c4 36. g5 Be7 37. Qf3 g6 38. h4 c3 39. h5 Rf8 40. hxg6 hxg6 41. Qh3 Qc5
42. Kg2 Qc8 43. Qh4 Rd8 44. Rh1 Kf8 45. Qh8+ Bg8 46. Qh6+ Ke8 47. Qxg6+ Bf7 48.
Bc6+ Rd7 49. Rh8+ Bf8 50. Qe4+ 1-0

[Event "Sri Lanka National B Chess Championship 2015"]
[Site "SLIIT, Malabe"]
[Date "2015.06.28"]
[Round "9"]
[Board "5"]
[White "Bhagya, Viman"]
[Black "Herath, H M A K"]
[Result "1/2-1/2"]
[WhiteElo "2023"]
[BlackElo "1910"]
[PlyCount "101"]
[EventDate "2015.06.19"]
[EventRounds "10"]
[EventCountry "SRI"]

1. d4 d5 2. c4 e6 3. Nf3 c5 4. cxd5 exd5 5. Nc3 Nc6 6. dxc5 d4 7. Na4 Bxc5 8.
Nxc5 Qa5+ 9. Bd2 Qxc5 10. Rc1 Qd5 11. e3 dxe3 12. Bxe3 Qxd1+ 13. Rxd1 Be6 14.
Nd4 Nxd4 15. Bxd4 f6 16. Bb5+ Kf7 17. O-O Ne7 18. Rfe1 Rhd8 19. a3 Nc6 20. Be3
a6 21. Bd3 g6 22. Bb6 Re8 23. Rc1 Bd5 24. Red1 Bb3 25. Rd2 Re6 26. f4 Ne7 27.
Bf2 Rc6 28. Re1 Bd5 29. b4 Re6 30. Rc1 Rc6 31. Rb1 Rac8 32. a4 Rc1+ 33. Rd1
Rxd1+ 34. Rxd1 Bb3 35. Ra1 Rc3 36. Bf1 Nd5 37. b5 Bc4 38. bxa6 bxa6 39. a5 Bxf1
40. Kxf1 Nxf4 41. g3 Nd5 42. Rb1 Rc8 43. Rb7+ Ke6 44. Be1 Ne3+ 45. Ke2 Nc4 46.
Ra7 Rc6 47. Rxh7 Kd5 48. h4 Re6+ 49. Kf2 f5 50. Ra7 Kc5 51. Rc7+ 1/2-1/2

[Event "Sri Lanka National B Chess Championship 2015"]
[Site "SLIIT, Malabe"]
[Date "2015.06.28"]
[Round "9"]
[Board "6"]
[White "Naotunna, Dineth Nimnaka"]
[Black "De Silva, Osheen"]
[Result "1/2-1/2"]
[WhiteElo "2006"]
[BlackElo "1888"]
[PlyCount "45"]
[EventDate "2015.06.19"]
[EventRounds "10"]
[EventCountry "SRI"]

1. d4 d5 2. Nf3 c6 3. g3 Nf6 4. Bg2 Nbd7 5. b3 e6 6. Bb2 Bb4+ 7. c3 Bd6 8. c4
O-O 9. O-O b6 10. Nbd2 Bb7 11. Re1 Re8 12. Rc1 Rc8 13. a3 a5 14. e4 Nxe4 15.
Nxe4 dxe4 16. Rxe4 c5 17. Re1 cxd4 18. Qxd4 Nf6 19. Rcd1 Bc5 20. Qh4 Qe7 21.
Bxf6 Qxf6 22. Qxf6 gxf6 23. h4 1/2-1/2

[Event "Sri Lanka National B Chess Championship 2015"]
[Site "SLIIT, Malabe"]
[Date "2015.06.28"]
[Round "9"]
[Board "7"]
[White "Thilakarathne, G M H"]
[Black "De Silva, Elath Mathanga"]
[Result "0-1"]
[WhiteElo "1950"]
[BlackElo "1962"]
[PlyCount "60"]
[EventDate "2015.06.19"]
[EventRounds "10"]
[EventCountry "SRI"]

1. e4 c5 2. Nf3 g6 3. d4 cxd4 4. Nxd4 Nf6 5. Nc3 d6 6. Be3 Bg7 7. f3 a6 8. Qd2
h5 9. Bc4 Nbd7 10. O-O Ne5 11. Bb3 b5 12. a4 Nc4 13. Qe2 Nxe3 14. Qxe3 Bh6 15.
Qd3 Qb6 16. Kh1 h4 17. axb5 Nh5 18. Na4 Ng3+ 19. hxg3 hxg3 20. Kg1 Qa5 21. Rfe1
Bd7 22. Nc3 Qd8 23. Nc6 Bxc6 24. Bxf7+ Kf8 25. Re2 Qb6+ 26. Kf1 Bf4 27. Re3
Bxe3 28. bxc6 Bc1 29. Nd1 Rh1+ 30. Ke2 Qg1 0-1

[Event "Sri Lanka National B Chess Championship 2015"]
[Site "SLIIT, Malabe"]
[Date "2015.06.28"]
[Round "9"]
[Board "8"]
[White "Gunaratne, Mojitha Sathsara"]
[Black "Madushanka, Harsha"]
[Result "1/2-1/2"]
[WhiteElo "1899"]
[BlackElo "1839"]
[PlyCount "124"]
[EventDate "2015.06.19"]
[EventRounds "10"]
[EventCountry "SRI"]

1. d4 Nf6 2. c4 e6 3. g3 Bb4+ 4. Bd2 Qe7 5. Bg2 O-O 6. Nc3 d5 7. Nf3 Bxc3 8.
Bxc3 Ne4 9. O-O Nd7 10. Qb3 Nxc3 11. bxc3 c6 12. Rfe1 f5 13. Nd2 Kh8 14. cxd5
exd5 15. c4 Nb6 16. c5 Nd7 17. f3 f4 18. gxf4 Rxf4 19. e4 Qf6 20. Qe3 Nf8 21.
Nf1 Be6 22. Ng3 Rh4 23. Rab1 Rb8 24. exd5 Bxd5 25. Ne4 Qf4 26. Qxf4 Rxf4 27.
Rb4 Nd7 28. a3 b5 29. cxb6 axb6 30. Rb2 b5 31. Kf2 Rbf8 32. Kg3 Nb6 33. Rc2 Nc4
34. Rc3 h5 35. h4 R4f7 36. Ng5 Ra7 37. Nh3 Rxa3 38. Rxa3 Nxa3 39. Nf4 Kg8 40.
Nxd5 cxd5 41. Bh3 Rd8 42. Re5 Kf8 43. Be6 Nc2 44. Bxd5 Nxd4 45. Rxh5 b4 46. Be4
b3 47. Kf4 b2 48. Ke3 Nc6 49. Rb5 Rb8 50. Rxb8+ Nxb8 51. Kd2 Kf7 52. Kc2 Kf6
53. Kxb2 Ke5 54. Kc3 Nd7 55. Kd3 Kf4 56. Ke2 Nf6 57. Bg6 Nd7 58. Kf2 Nc5 59.
Kg2 Nb3 60. Be4 Nd4 61. Kf2 Ne6 62. Kg2 Nd4 1/2-1/2

[Event "Sri Lanka National B Chess Championship 2015"]
[Site "SLIIT, Malabe"]
[Date "2015.06.28"]
[Round "9"]
[Board "9"]
[White "Amarasinghe, A A C B"]
[Black "Liyanapathirana, Pasan Vindula"]
[Result "1-0"]
[WhiteElo "1829"]
[BlackElo "1847"]
[PlyCount "113"]
[EventDate "2015.06.19"]
[EventRounds "10"]
[EventCountry "SRI"]

1. e4 e5 2. Nf3 Nc6 3. Bc4 Nf6 4. d3 Bc5 5. c3 d6 6. Bb3 O-O 7. Nbd2 d5 8. Qe2
dxe4 9. dxe4 a5 10. a4 Qe7 11. h3 Nh5 12. g3 Kh8 13. Nf1 b6 14. Bc4 Nf6 15. g4
Be6 16. Bb5 Na7 17. Nxe5 Nxb5 18. axb5 Bc8 19. f4 Bb7 20. Ng3 Nxe4 21. Nxe4
Bxe4 22. Qxe4 f6 23. b4 Bd6 24. Ng6+ hxg6 25. Qxe7 Bxe7 26. bxa5 bxa5 27. Rh2
Bc5 28. Ra4 Rfe8+ 29. Re2 Rxe2+ 30. Kxe2 Re8+ 31. Kd3 Re1 32. Bd2 Rh1 33. Rxa5
Rxh3+ 34. Ke4 Rh2 35. Ra8+ Kh7 36. Rd8 Rg2 37. Rd5 Bg1 38. g5 Re2+ 39. Kd3 Re7
40. c4 Kg8 41. Bb4 Re3+ 42. Kd2 Re8 43. Bc5 Bxc5 44. Rxc5 Re7 45. Kd3 Kf7 46.
Rd5 Ke6 47. Kd4 fxg5 48. Re5+ Kd7 49. Rxe7+ Kxe7 50. fxg5 Kd6 51. c5+ Ke6 52.
Ke4 Ke7 53. Ke5 Kd7 54. Kd5 Kd8 55. Kc6 Kc8 56. b6 Kb8 57. b7 1-0

[Event "Sri Lanka National B Chess Championship 2015"]
[Site "SLIIT, Malabe"]
[Date "2015.06.28"]
[Round "9"]
[Board "10"]
[White "Dassanayake, D M G S"]
[Black "Lasitha, Subash"]
[Result "1-0"]
[WhiteElo "1845"]
[BlackElo "1750"]
[PlyCount "51"]
[EventDate "2015.06.19"]
[EventRounds "10"]
[EventCountry "SRI"]

1. d4 Nf6 2. c4 g6 3. Nc3 d5 4. cxd5 Nxd5 5. e4 Nxc3 6. bxc3 Bg7 7. Bc4 O-O 8.
Ne2 c5 9. O-O Nc6 10. Be3 Qc7 11. Rc1 Na5 12. Bd3 c4 13. Bb1 Rd8 14. Ng3 b5 15.
Qe1 Nb7 16. f4 a5 17. f5 Ra6 18. e5 Re8 19. Qd2 Rd8 20. fxg6 fxg6 21. Bh6 Bxe5
22. dxe5 Qc5+ 23. Kh1 Bf5 24. Qf4 e6 25. Ne4 Qd5 26. Nf6+ 1-0

[Event "Sri Lanka National B Chess Championship 2015"]
[Site "SLIIT, Malabe"]
[Date "2015.06.28"]
[Round "9"]
[Board "11"]
[White "Lamawansa, Yasas"]
[Black "Wijekoon, Chandana"]
[Result "1-0"]
[WhiteElo "1960"]
[BlackElo "2007"]
[PlyCount "79"]
[EventDate "2015.06.19"]
[EventRounds "10"]
[EventCountry "SRI"]

1. d4 Nf6 2. c4 c5 3. d5 e6 4. Nc3 exd5 5. cxd5 d6 6. g3 g6 7. Bg2 Bg7 8. Nf3
O-O 9. O-O Re8 10. h3 Na6 11. Bf4 Nc7 12. a4 Nh5 13. Bg5 Qd7 14. Qd3 a6 15. e4
h6 16. Bd2 Rb8 17. Rfe1 b5 18. g4 c4 19. Qc2 Nf6 20. axb5 axb5 21. Na2 Na6 22.
Nb4 Nc5 23. e5 Nh7 24. Bf4 Nb3 25. Rad1 g5 26. e6 fxe6 27. dxe6 Rxe6 28. Rxe6
Qxe6 29. Bxd6 Rb6 30. Nxg5 Nxg5 31. Bd5 Nf3+ 32. Kg2 Nbd4 33. Qe4 Rxd6 34.
Bxe6+ Bxe6 35. Ra1 Rd8 36. Ra7 Rf8 37. Nc6 Ng5 38. Rxg7+ Kxg7 39. Qe5+ Kh7 40.
f4 1-0

[Event "Sri Lanka National B Chess Championship 2015"]
[Site "SLIIT, Malabe"]
[Date "2015.06.28"]
[Round "9"]
[Board "12"]
[White "Weerasinghe, Chamath"]
[Black "Subasinghe, K R V R"]
[Result "0-1"]
[WhiteElo "1825"]
[BlackElo "1835"]
[PlyCount "76"]
[EventDate "2015.06.19"]
[EventRounds "10"]
[EventCountry "SRI"]

1. e4 e5 2. Nf3 Nc6 3. Bb5 a6 4. Ba4 b5 5. Bb3 Be7 6. c3 Nf6 7. Bc2 O-O 8. h3
Re8 9. O-O Bb7 10. Re1 d6 11. d3 Nb8 12. Nbd2 Nbd7 13. Nf1 Nf8 14. Ng3 Ng6 15.
Nf5 Bc8 16. g4 Nd7 17. Bb3 c6 18. d4 Ndf8 19. Be3 exd4 20. Qxd4 Bxf5 21. exf5
Nh4 22. Nxh4 Bxh4 23. Bf4 Rxe1+ 24. Rxe1 d5 25. Be5 Nd7 26. Bxg7 c5 27. Qxd5 c4
28. f6 Nxf6 29. Qxd8+ Rxd8 30. Bxf6 Bxf6 31. Bd1 Rd2 32. Kg2 Bh4 33. Rf1 Rxb2
34. a4 b4 35. cxb4 c3 36. b5 axb5 37. axb5 c2 38. Bf3 Bg5 0-1

[Event "Sri Lanka National B Chess Championship 2015"]
[Site "SLIIT, Malabe"]
[Date "2015.06.28"]
[Round "9"]
[Board "13"]
[White "Jayasundara, P K U M"]
[Black "Samaranayake, K P R N"]
[Result "0-1"]
[WhiteElo "2031"]
[BlackElo "1806"]
[PlyCount "56"]
[EventDate "2015.06.19"]
[EventRounds "10"]
[EventCountry "SRI"]

1. e4 c5 2. Nc3 Nc6 3. Nf3 e6 4. d4 cxd4 5. Nxd4 d6 6. Bc4 a6 7. Bb3 Qc7 8. Bg5
Be7 9. Bxe7 Ngxe7 10. Qd2 O-O 11. O-O-O Rd8 12. f4 Na5 13. g4 b5 14. f5 Nxb3+
15. axb3 e5 16. Nf3 Bb7 17. Nd5 Bxd5 18. exd5 Rac8 19. Kb1 a5 20. c3 a4 21. b4
a3 22. Rc1 Qc4 23. Rhd1 axb2 24. Qxb2 Qe4+ 25. Qc2 Qxf3 26. Rf1 Qxd5 27. f6
Rxc3 28. fxe7 Rb3+ 0-1

[Event "Sri Lanka National B Chess Championship 2015"]
[Site "SLIIT, Malabe"]
[Date "2015.06.28"]
[Round "9"]
[Board "14"]
[White "Hapuarachchi, H L M"]
[Black "De Silva, Rasheen"]
[Result "1-0"]
[WhiteElo "1900"]
[BlackElo "1788"]
[PlyCount "93"]
[EventDate "2015.06.19"]
[EventRounds "10"]
[EventCountry "SRI"]

1. e4 e5 2. Nf3 Nf6 3. Nxe5 d6 4. Nf3 Nxe4 5. Nc3 Nxc3 6. dxc3 Be7 7. Be3 Nc6
8. h3 Be6 9. Qd2 f5 10. Ng5 Bxg5 11. Bxg5 Qd7 12. f4 Qf7 13. Be2 Bd5 14. O-O
O-O 15. b3 Kh8 16. c4 Be4 17. Bh4 Rfe8 18. Bf3 Bxf3 19. Rxf3 Re4 20. Bf2 Rae8
21. Re1 a6 22. Rfe3 Rxe3 23. Rxe3 Rxe3 24. Qxe3 Qe7 25. Qxe7 Nxe7 26. Kf1 Kg8
27. Ke2 Kf7 28. b4 Ke6 29. Kd3 d5 30. c5 Ng6 31. g3 c6 32. Bd4 Kf7 33. a4 h5
34. h4 Ne7 35. Kc3 g6 36. Kb3 Ng8 37. b5 axb5 38. axb5 Nh6 39. Kb4 Ke6 40. Ka5
cxb5 41. Kb6 Nf7 42. Kxb7 Nd8+ 43. Kc7 Nf7 44. c6 Nd6 45. Kb8 b4 46. Be5 Nb5
47. c7 1-0

[Event "Sri Lanka National B Chess Championship 2015"]
[Site "SLIIT, Malabe"]
[Date "2015.06.28"]
[Round "9"]
[Board "16"]
[White "Nanayakkara, J A K Saranath"]
[Black "Lakshitha, H H Sasindu"]
[Result "1/2-1/2"]
[WhiteElo "1872"]
[BlackElo "1689"]
[PlyCount "65"]
[EventDate "2015.06.19"]
[EventRounds "10"]
[EventCountry "SRI"]

1. Nf3 d5 2. g3 Nf6 3. Bg2 c6 4. O-O Nbd7 5. d3 e5 6. Nbd2 Bd6 7. Re1 O-O 8. e4
Re8 9. Nh4 Nf8 10. Nf1 dxe4 11. dxe4 Ng6 12. Nxg6 hxg6 13. Bg5 Be7 14. Qxd8
Rxd8 15. Red1 Be6 16. Ne3 Kf8 17. Bxf6 gxf6 18. g4 Bc5 19. Bf3 Bxe3 20. fxe3
Ke7 21. a3 g5 22. Kg2 Rxd1 23. Rxd1 Rd8 24. Rxd8 Kxd8 25. h4 gxh4 26. Kh3 Ke7
27. Kxh4 Kf8 28. Kh5 Kg7 29. Be2 b6 30. Bd3 a5 31. a4 c5 32. b3 Kh7 33. c4
 1/2-1/2